| 000 | 01861nam a2200277Ia 4500 | ||
|---|---|---|---|
| 999 |
_c37674 _d37674 |
||
| 001 | 3646 | ||
| 003 | GE_BSU | ||
| 005 | 20190625151708.0 | ||
| 008 | 181216s2011||||ge |||||||||||||| ||geo|| | ||
| 020 | _a9789941012709 | ||
| 040 | _cGE_BSU | ||
| 041 | _ageo | ||
| 080 | _a343.353(479.22)+328.185(479.22) კ–77 | ||
| 245 |
_aკორუფცია საქართველოში : _bკრიმინოლოგიური ანალიზი და სასამართლო პრაქტიკის კომენტარი / _cავტ.: გიორგი ღლონტი, ირაკლი ლაგვილავა, ზაზა მარუაშვილი [და სხვ.] ; სარედ. კოლ.: მანანა მოსულიშვილი [და სხვ.]] ; თსუ-ს თინათინ წერეთლის სახელმწიფოსა და სამართლის ინ-ტი. |
||
| 264 |
_aთბილისი, _c2011. |
||
| 300 |
_a399 გვ.; _b29 სმ. |
||
| 504 | _aბიბლიოგრ. ტექსტ. შენიშვნ. და გვ. 349-399. | ||
| 653 | _aკორუფცია საქართველოში | ||
| 700 |
_aღლონტი, გიორგი _92882 |
||
| 700 |
_aლაგვილავა, ირაკლი _92883 |
||
| 700 |
_aმარუაშვილი, ზაზა და სხვ. _92884 |
||
| 700 |
_a მოსულიშვილი, მანანა _eრედაქტორი _92885 |
||
| 700 |
_aთოდრია, გიორგი და სხვ. _eრედაქტორი _92886 |
||
| 710 |
_aთსუ-ს თინათინ წერეთლის სახელმწიფოსა და სამართლის ინ-ტი. _92887 |
||
| 942 |
_cBK _2udc |
||